| 000 | 00958nam a22003137a 4500 | ||
|---|---|---|---|
| 001 | BR0603150 | ||
| 003 | BR-BrBNA | ||
| 005 | 20230928102220.0 | ||
| 007 | ta | ||
| 008 | 230509b bl.||||| |||| 00| 0 por d | ||
| 040 |
_aBR-BrBNA _bpor _cBiblioteca Nacional de Agricultura |
||
| 041 | _a(Por) | ||
| 072 | _aP01; D10; E50 | ||
| 090 | _ P01 BR0603150 | ||
| 100 | 1 | _aGobbi, B.C. | |
| 110 | 1 |
_aUniversidade Federal de Lavras, MG (Brasil) _0Tese (Mestrado) |
|
| 245 | 1 | _aGestão ambiental como prática social: uma análise dos sentidos da interação organização e meio ambiente | |
| 260 | 3 |
_aLavras, MG (Brasil): _c2005. |
|
| 300 | _a126 p. | ||
| 500 | _aSummaries (Eng, Por); Bibliography p. 115-122 | ||
| 650 | _aMEIO AMBIENTE | ||
| 650 | _aADMINISTRAÇÃO | ||
| 650 | _aSOCIOLOGIA RURAL | ||
| 650 | _aINTEGRAÇÃO | ||
| 650 | _aPOLÍTICA AMBIENTAL | ||
| 650 | _aESPÍRITO SANTO | ||
| 909 |
_a202309 _bLucia _c55 _dLucia Elande |
||
| 942 | _cBK | ||
| 999 |
_c69689 _d69689 |
||